América Latina en el siglo XIX: texturas, cuadros y textos
Guardado en:
| Autor principal: | |
|---|---|
| Formato: | Libro |
| Lenguaje: | español |
| Publicado: |
Lima
Instituto de Estudios Peruanos
2011
|
| Edición: | 1a. ed |
| Colección: | América Problema, 32
|
| Materias: | |
| Etiquetas: |
Agregar Etiqueta
Sin Etiquetas, Sea el primero en etiquetar este registro!
|
MARC
| LEADER | 00000cam a2200000 a 4500 | ||
|---|---|---|---|
| 001 | UCF2691 | ||
| 003 | CL-VaPUC | ||
| 008 | 120830e20110800PE |||||||||||||||||spa|d | ||
| 020 | |a 9789972513077 | ||
| 082 | 0 | 4 | |a 301 |b PRA |2 21 |
| 100 | 0 | |a Prado, Maria Ligia Coelho |e author |9 564439 | |
| 245 | 1 | 0 | |a América Latina en el siglo XIX: texturas, cuadros y textos |
| 250 | |a 1a. ed | ||
| 300 | |a 198 p | ||
| 942 | |c BK | ||
| 945 | |d 20120830 00:00:00 |a dcastane | ||
| 260 | |a Lima |b Instituto de Estudios Peruanos |c 2011 | ||
| 650 | 0 | |a Sociología |9 255410 | |
| 650 | 0 | |a Desarrollo económico y social |9 256320 | |
| 650 | 7 | |a DESARROLLO ECONOMICO SIGLO 19 |2 CL-VaPUC |9 464332 | |
| 583 | |a last modification |c 20120830 10:25:00 |k Rodrigo Vera | ||
| 490 | 0 | |a América Problema, 32 | |
| 999 | |c 349231 |d 349229 | ||
| 952 | |0 0 |1 0 |4 0 |6 301_000000000000000_PRA_2011 |7 0 |8 A |9 451741 |a BIBHIS |b BIBHIS |d 2019-11-22 |i 4896289 |o 301 PRA 2011 |p 4896289 |r 2025-01-20 |w 2019-11-22 |y BK |k HIS | ||